<?xml version="1.0" encoding="UTF-8"?>
<marc:record xmlns:marc="http://www.loc.gov/MARC21/slim">
   <marc:leader>00000nam a2200000 a 4500</marc:leader>
   <marc:datafield ind1="1" ind2=" " tag="100">
      <marc:subfield code="a">Vogel, Kirsten</marc:subfield>
      <marc:subfield code="4">aut</marc:subfield>
      <marc:subfield code="e">Verfasser/-in</marc:subfield>
   </marc:datafield>
   <marc:datafield ind1="0" ind2="0" tag="245">
      <marc:subfield code="a">Die drei !!!, Adventskalender - zauberhafte Eiswelt</marc:subfield>
   </marc:datafield>
   <marc:datafield ind1=" " ind2="1" tag="264">
      <marc:subfield code="a">Stuttgart</marc:subfield>
      <marc:subfield code="b">Kosmos</marc:subfield>
      <marc:subfield code="c">2024</marc:subfield>
   </marc:datafield>
   <marc:datafield ind1="1" ind2=" " tag="520">
      <marc:subfield code="a">Wow, ist die schön! Kim, Franzi und Marie kommen aus dem Staunen nicht mehr heraus. Für ein paar Wochen wurde eine traumhafte Eiswelt in ihrer Stadt aufgebaut. Anmutige Eisfiguren und viele Eis-Attraktionen lassen die Vorweihnachtszeit noch magischer werden. Dann entdecken die Detektivinnen, dass sich hier auch weitere Schätze zu verbergen scheinen. Schon sind sie mittendrin in neuen Ermittlungen. Mit den drei !!! eine turbulente Detektivgeschichte in 24 Kapiteln erleben und mitfiebern. Jeden Tag werden die verschlossenen Seiten nach und nach geöffnet. Neben der Geschichte stimmen täglich Lifehacks wie Rätsel, Bastelideen, Rezepte, Songs und DIY-Geschenkideen auf Weihnachten ein.</marc:subfield>
   </marc:datafield>
   <marc:datafield ind1=" " ind2=" " tag="020">
      <marc:subfield code="a">9783440179352</marc:subfield>
      <marc:subfield code="9">9783440179352</marc:subfield>
   </marc:datafield>
   <marc:datafield ind1=" " ind2=" " tag="041">
      <marc:subfield code="a">ger</marc:subfield>
   </marc:datafield>
   <marc:datafield ind1=" " ind2=" " tag="500">
      <marc:subfield code="a">Spende</marc:subfield>
   </marc:datafield>
   <marc:datafield ind1=" " ind2=" " tag="300">
      <marc:subfield code="a">205 ungezählte Seiten</marc:subfield>
   </marc:datafield>
</marc:record>
